Seder hafrashat ḥalah ṿe-hadlaḳat nerot mi-Sidur ʻAvodat ha-Shem.

Saved in:
Bibliographic Details
Corporate Author: Mekhon Maʻaśeh Roḳeaḥ (London, England)
Format: Book
Language:Hebrew
Published: London : Mekhon Maʻaśeh Roḳeaḥ, 761 [2000 or 2001]
Subjects:
Tags: Add Tag
No Tags, Be the first to tag this record!
LEADER 00893nam a22002777a 4500
001 011908487-2
005 20121213101302.0
008 090301s2000 enk 000 0 heb d
035 0 |a ocn319130999 
035 |a (IsJeAIW)wb20099001867 
040 |a IsJeAIW  |c IsJeAIW 
130 0 |a Siddur.  |f 2000. 
245 1 0 |6 880-01  |a Seder hafrashat ḥalah ṿe-hadlaḳat nerot mi-Sidur ʻAvodat ha-Shem. 
260 |a London :  |b Mekhon Maʻaśeh Roḳeaḥ,  |c 761 [2000 or 2001] 
300 |a 52 p. ;  |c 17 cm. 
650 0 |a Siddurim  |v Texts. 
650 0 |a Belz Hasidim. 
650 0 |a Judaism  |x Liturgy  |v Texts. 
650 0 |a Hasidism. 
650 0 |a Hallah. 
710 2 |a Mekhon Maʻaśeh Roḳeaḥ (London, England) 
752 |a England  |d London. 
880 1 0 |6 245-01  |a סדר הפרשת חלה והדלקת נרות מסדור עבודת השם. 
988 |a 20090327 
098 0 6 |a Heb 41304.419 
906 |0 VEN